Disney Characters that Start with C - Statistics

General Stats
  • This quiz has been taken 84 times
  • The average score is 7 of 14
Answer Stats
Picture Answer % Correct
Captain Hook
96%
Chip
92%
Chicken Little
88%
Cheshire Cat
79%
Cogsworth
65%
Clayton
47%
Clarabelle Cow
35%
Cri-Kee
29%
Chief Bogo
25%
Charlotte La Bouff
23%
Chernabog
20%
Celia Mae
19%
Chief Tui
19%
Chief Powhatan
16%
No matching quizzes found
Score Distribution
Percent of People with Each Score
Percentile by Number Answered
Your Score History
You have not taken this quiz